Diseno de un equipo de refrigeracion de dos etapas para uso didactico
Salvato in:
| Autore principale: | |
|---|---|
| Natura: | Tesi Libro |
| Lingua: | Undetermined |
| Pubblicazione: |
2002
|
| Soggetti: | |
| Tags: |
Aggiungi Tag
Nessun Tag, puoi essere il primo ad aggiungerne!!
|
MARC
| LEADER | 00000nam a2200000Ia 4500 | ||
|---|---|---|---|
| 001 | 9113 | ||
| 008 | 140114s9999 xx 000 0 und d | ||
| 100 | |a Cardoza Vallejo, Edwin | ||
| 245 | |a Diseno de un equipo de refrigeracion de dos etapas para uso didactico | ||
| 260 | |c 2002 | ||
| 500 | |a NULL | ||
| 502 | |a Escuela de ingenieria Mecanica | ||
| 650 | |z REFRIGERACION | ||
| 999 | |c 12608 |d 12608 | ||
